Statistics for AM Tracklist (Arctic Monkeys)

Click here to take the quiz!

General Stats

  • This quiz has been taken 191 times
  • The average score is 10 of 12

Answer Stats

HintAnswer% Correct
1Do I Wanna Know?
96%
4Arabella
92%
2R U Mine?
89%
12I Wanna Be Yours
87%
8Fireside
83%
11Knee Socks
80%
6No.1 Party Anthem
80%
10Snap Out Of It
80%
9Why'd You Only Call Me When You're High?
77%
7Mad Sounds
74%
3One For The Road
73%
5I Want It All
70%

Score Distribution

Percentile by Number Answered

Percent of People with Each Score

Your Score History

You have not taken this quiz